| 000 | 00894nmm a2200313 a 4500 | ||
|---|---|---|---|
| 003 | AR-BaBNM | ||
| 005 | 20251128205350.0 | ||
| 008 | 197019s1990 ||||||||||||||000 | spa|| | ||
| 020 | _a950-20-0288-1 | ||
| 040 | _cAR-BaBNM | ||
| 100 | 1 | _aAguirre Lanari, Juan R. | |
| 245 | 1 | 0 | _aEl proceso del constitucionalismo argentino |
| 250 | _a2ยช ed. | ||
| 260 |
_aBuenos Aires _bAbeledo-Perrot _c1990 |
||
| 300 | 0 | _a110 p. | |
| 650 | 4 | _aPERIODO INDEPENDIENTE | |
| 650 | 4 | _aREVOLUCION DE MAYO | |
| 650 | 4 | _aASAMBLEA DE 1813 | |
| 650 | 4 | _aORGANIZACION NACIONAL | |
| 650 | 4 | _aHISTORIA CONSTITUCIONAL | |
| 650 | 4 | _aCONVENCION CONSTITUYENTE 1957 | |
| 650 | 4 | _aACUERDO DE SAN NICOLAS | |
| 650 | 4 | _aCONVENCION NACIONAL | |
| 650 | 4 | _aHISTORIA INSTITUCIONAL | |
| 653 | 0 | _aCONSTITUCION NACIONAL | |
| 700 | 1 |
_aLinares Quintana, Segundo V. _eprologuista |
|
| 942 | _cBK | ||
| 998 | _cmariana | ||
| 999 |
_c11114 _d11114 |
||